000 00930nam a2200217 i 4500
001 180851
003 ES-MaACL
005 20230906221209.0
008 120720s1880 sp |||| | spa d
080 _a339.5.012.435(460)
080 _a339.543.3(729.1)
245 0 0 _aEstudios económicos sobre Cuba y España comparados con los de otros países
_b: abolición de aduanas y otras cargas públicas /
_cpor el mejicano M. de E.
260 _a[S.l.] :
_b[s.n.],
_c1880 (
_eMadrid :
_fEstab. Tip. de M.P. Montoya y Compañía)
300 _a120 p. ;
_c18 cm.
530 _aDisponible también en sitio web.
594 _aTítulo tomado de la cubierta.
650 0 4 _aProteccionismo-
_zEspaña.
_916514
650 4 _aAranceles de aduanas-
_zCuba.
_9151091
852 _aES-MaACL
_jT-594-F-3
856 4 1 _uhttp://bibliotecadigitalhispanica.bne.es:80/webclient/DeliveryManager?pid=1885576&custom_att_2=simple_viewer
_zIr a la página
999 _c180851
_d180851